000 02853aam a2200349 i 4500
001 Catherine Arias Alvarez
003 CO-MdFUSB
005 20260325084037.0
008 170407t1999 si aob|| |||| 00| 0 spa d
020 _a0-89922-504-7
040 _aCO-MdFUSB
_bspa
_cCO-MdFUSB
_dCO-MdFUSBC
_erda
041 0 _aspa
_heng
082 0 4 _a225.61
_223
_bEL52
100 1 _aElwell, Walter A.
_eautor
240 _aEncountering the New Testament: a historial and theological survey
245 1 3 _aAl encuentro del Nuevo Testamento
_b: un panorama histórico y teológico
_c/ Walter A. Elwell, Robert W. Yarbrough ; traducido por Ricardo Acosta
264 1 _aSingapore :
_bCaribe,
_c[1999]
264 4 _c© 1999
300 _a448 páginas
_b: ilustraciones, mapas, fotografías a color
_c; 25 cm.
336 _2rdacontent
_atexto
_btxt
337 _2rdamedia
_asin mediación
_bn
338 _2rdacarrier
_avolumen
_bnc
500 _aIncluye índice de temas, índice de textos bíblicos, índice de nombres, ilustraciones, mapas, fotografías a color, abreviaturas, glosario, respuestas a las preguntas de repaso
505 _tAl encuentro de Jesús y los Evangelios.
_aEl Medio Oriente en los días de Jesús. -- El evangelio y los cuatro Evangelios. -- El Evangelio de Mateo: ¡El Mesías ha venido! -- El Evangelio de Marcos: Hijo de Dios, siervo de todos. -- El Evangelio de Lucas: Un salvador para todos. -- El Evangelio de Juan: Vida eterna a través de su nombre. -- El hombre de Galilea: La vida de Jesucristo. -- Enséñanos Señor: El ministerio de enseñanza de Jesucristo. -- Enfoques modernos al Nuevo Testamento: Hermenéutica y crítica histórica. -- El estudio modero de los Evangelios. -- La búsqueda moderna de Jesús.
_tAl encuentro de Hechos y la iglesia primitiva.
_aEl mundo y la identidad de la iglesia primitiva. -- Hechos 1-7: Los primeros días de la Iglesia. -- Hechos 8-12: Salvación para judíos y gentiles. -- Hechos 13-28: La luz de Cristo hasta lo último de la tierra.
_tAl encuentro de Pablo y sus epístolas.
_aTodo para todos: Vida y enseñanzas del apóstol Pablo. -- Romanos: a bien con Dios. -- Corintios y Gálatas: Consejo apostólico para iglesias confundidas. -- Efesios, Colosenses, Filipenses y Filemón: cartas de la prisión. -- Tesalonicenses, Timoteo y Tito: un legado de fidelidad
_tAl encuentro de las epístolas generales y Apocalipsis.
_aHebreos and Santiago: mantener un total compromiso con Cristo. -- Pedro, Juan y Judas: un llamado a la fe, la esperanza, y el amor. -- Apocalipsis: ¡Dios tiene el control!.
563 _aPasta dura
630 0 7 _aBiblia.
_pNuevo Testamento
650 7 _aHermenéutica bíblica
_2embne
_97333
700 _aYarbrough, Robert W.
_9328
_eautor
700 _aAcosta, Ricardo.
_94702
_etraductor
942 _cBK
945 _aCatherine Arias Alvarez
999 _c33482
_d33482